Organic Chemistry. -- 2nd ed. (Record no. 52780)

MARC details
000 -LEADER
fixed length control field 00756nam a2200205 a 4500
008 - FIXED-LENGTH DATA ELEMENTS--GENERAL INFORMATION
fixed length control field 090127s2003 ||||||||||||||||| || u
020 ## - INTERNATIONAL STANDARD BOOK NUMBER
International Standard Book Number 0716743744
050 ## - LIBRARY OF CONGRESS CALL NUMBER
Classification number QD 251.2 Vol
100 ## - MAIN ENTRY--PERSONAL NAME
Personal name Vollhardt, K. Peter C
245 10 - TITLE STATEMENT
Title Organic Chemistry. -- 2nd ed.
Statement of responsibility, etc. K. Peter C. Vollhardt; Neil Eric Schore,1948-
250 ## - EDITION STATEMENT
Edition statement 2nd ed.
260 ## - PUBLICATION, DISTRIBUTION, ETC.
Place of publication, distribution, etc. New York
Name of publisher, distributor, etc. W.H. Freeman
Date of publication, distribution, etc. 2003.
300 ## - PHYSICAL DESCRIPTION
Extent xxix, 1203p. : ill.
350 ## - PRICE (NR) (BK AM CF MU VM SE) [OBSOLETE]
Price 0.00
500 ## - GENERAL NOTE
General note Bibliography.
650 #0 - SUBJECT ADDED ENTRY--TOPICAL TERM
Topical term or geographic name entry element CHEMISTRY--HANDBOOKS, MANUALS, ETC
650 #0 - SUBJECT ADDED ENTRY--TOPICAL TERM
Topical term or geographic name entry element CHEMISTRY--ORGANIC
700 ## - ADDED ENTRY--PERSONAL NAME
Personal name Schore, Neil Eric, 1948-
995 ## - RECOMMENDATION 995 [LOCAL, UNIMARC FRANCE]
-- 0.00
-- CBU-MAIN LIBRARY (Kitwe)
-- 1
-- 0.00
-- 1
-- AVAILABLE
-- Jan 27, 2009
-- Main Library Open Access Collection
Holdings
Withdrawn status Lost status Source of classification or shelving scheme Damaged status Not for loan Home library Current library Shelving location Date acquired Total Checkouts Full call number Barcode Date last seen Price effective from Koha item type
          CBU-MAIN LIBRARY, KITWE. CBU-MAIN LIBRARY, KITWE.   11/30/2022   QD 251.2 Vol 027160 11/30/2022 11/30/2022 MONOGRAPH